| Tag |
First Indicator |
Second Indicator |
Subfields |
| LEADER |
00000cam a2200000Ia 4500 |
| 001 |
in00003830786 |
| 006 |
m o d |
| 007 |
cr cnu---unuuu |
| 008 |
070801s2006 enka ob 001 0 eng d |
| 005 |
20260609152602.1 |
| 016 |
7 |
|
|a 013437024
|2 Uk
|
| 019 |
|
|
|a 163575770
|a 170922746
|a 191035829
|a 266126700
|a 277185688
|a 647613818
|a 811320064
|a 846188826
|
| 020 |
|
|
|a 9780511246869
|q (electronic bk.)
|
| 020 |
|
|
|a 0511246862
|q (electronic bk.)
|
| 020 |
|
|
|a 0511243219
|q (electronic bk.)
|
| 020 |
|
|
|a 9780511243219
|q (electronic bk.)
|
| 020 |
|
|
|a 051124617X
|q (electronic bk.)
|
| 020 |
|
|
|a 9780511246173
|q (electronic bk.)
|
| 020 |
|
|
|a 9780511243967
|q (electronic bk.)
|
| 020 |
|
|
|a 0511243960
|q (electronic bk.)
|
| 020 |
|
|
|a 9780511541285
|q (electronic bk.)
|
| 020 |
|
|
|a 0511541287
|q (electronic bk.)
|
| 020 |
|
|
|a 6610703531
|q (electronic bk.)
|
| 020 |
|
|
|a 9786610703531
|q (electronic bk.)
|
| 020 |
|
|
|a 9780521859042
|q (hbk.)
|
| 020 |
|
|
|a 0521859042
|q (hbk.)
|
| 020 |
|
|
|a 9780511244711
|
| 020 |
|
|
|a 0511244711
|
| 020 |
|
|
|a 0511318782
|
| 020 |
|
|
|a 9780511318788
|
| 020 |
|
|
|z 0511245467
|
| 020 |
|
|
|z 9780511245466
|
| 020 |
|
|
|z 0521859042
|q (Cloth)
|
| 020 |
|
|
|z 0511244711
|
| 035 |
|
|
|a (OCoLC)161820220
|z (OCoLC)163575770
|z (OCoLC)170922746
|z (OCoLC)191035829
|z (OCoLC)266126700
|z (OCoLC)277185688
|z (OCoLC)647613818
|z (OCoLC)811320064
|z (OCoLC)846188826
|
| 037 |
|
|
|b OverDrive, Inc.
|n http://www.overdrive.com
|
| 037 |
|
|
|a 8665FCD0-8655-41B3-BD54-8152DC19DEE8
|b OverDrive, Inc.
|n http://www.overdrive.com
|
| 040 |
|
|
|a N$T
|b eng
|e pn
|c N$T
|d YDXCP
|d OCLCQ
|d TEFOD
|d CUD
|d AU@
|d E7B
|d OCLCQ
|d IDEBK
|d OCLCQ
|d MERUC
|d KNOVL
|d OCLCQ
|d CUS
|d CAMBR
|d ZCU
|d OCLCQ
|d CAMBR
|d KNOVL
|d OCLCF
|d COO
|d CEF
|d OL$
|d ZI0
|d KNOVL
|d DEBSZ
|d TEFOD
|d OCLCQ
|d EBLCP
|d OCLCQ
|d WAU
|d UtOrBLW
|
| 049 |
|
|
|a TXAM
|
| 050 |
|
4 |
|a TN700
|b .R43 2006eb
|
| 072 |
|
7 |
|a TEC
|x 021000
|2 bisacsh
|
| 082 |
0 |
4 |
|a 620.1617
|2 22
|
| 100 |
1 |
|
|a Reed, Roger C.
|q (Roger Charles)
|0 http://id.loc.gov/authorities/names/no2007019800
|
| 245 |
1 |
4 |
|a The superalloys :
|b fundamentals and applications /
|c Roger C. Reed.
|
| 264 |
|
1 |
|a Cambridge, UK ;
|a New York :
|b Cambridge University Press,
|c 2006.
|
| 300 |
|
|
|a 1 online resource (xiv, 372 pages) :
|b illustrations
|
| 336 |
|
|
|a text
|b txt
|2 rdacontent
|
| 337 |
|
|
|a computer
|b c
|2 rdamedia
|
| 338 |
|
|
|a online resource
|b cr
|2 rdacarrier
|
| 504 |
|
|
|a Includes bibliographical references (page 362) and index.
|
| 588 |
0 |
|
|a Print version record.
|
| 505 |
0 |
|
|a Cover; Half-title; Title; Copyright; Contents; Foreword; Preface; Acknowledgements; 1 Introduction; 2 The physical metallurgy of nickel and its alloys; 3 Single-crystal superalloys for blade applications; 4 Superalloys for turbine disc applications; 5 Environmental degradation: the role of coatings; 6 Summary and future trends; Index.
|
| 520 |
|
|
|a Superalloys are unique high temperature materials used in gas turbine engines, which display excellent resistance to mechanical and chemical degradation. This book introduces the metallurgical principles which have guided their development. Suitable for graduate students and researchers, it includes exercises and additional resources at www.cambridge.org/9780521859042.
|
| 500 |
|
|
|a Electronic resource.
|
| 650 |
|
0 |
|a Heat resistant alloys.
|0 http://id.loc.gov/authorities/subjects/sh85059807
|
| 650 |
|
7 |
|a TECHNOLOGY & ENGINEERING
|x Material Science.
|2 bisacsh
|
| 650 |
|
7 |
|a Heat resistant alloys.
|2 fast
|0 (OCoLC)fst00953953
|
| 655 |
|
7 |
|a Electronic books.
|2 local
|
| 710 |
2 |
|
|a Knovel (Firm)
|0 http://id.loc.gov/authorities/names/nr2001027264
|
| 776 |
1 |
8 |
|i Print version:
|a Reed, Roger C. (Roger Charles)
|t Superalloys.
|d Cambridge, UK ; New York : Cambridge University Press, 2006
|z 0521859042
|z 9780521859042
|w (DLC) 2006299782
|w (OCoLC)65468245
|
| 856 |
4 |
0 |
|u http://proxy.library.tamu.edu/login?url=https://app.knovel.com/hotlink/toc/id:kpSFA00011/superalloys-fundamentals-and
|z Connect to the full text of this electronic book
|t 0
|
| 999 |
f |
f |
|s cc61fa67-fe81-341c-8251-618bd923ba5a
|i 9a8419db-b171-37ee-9132-a72ce17d943f
|t 0
|
| 952 |
f |
f |
|a Texas A&M University
|b College Station
|c Electronic Resources
|s www_evans
|d Available Online
|t 0
|e TN700 .R43 2006eb
|h Library of Congress classification
|
| 998 |
f |
f |
|a TN700 .R43 2006eb
|t 0
|l Available Online
|